000 00351nam a2200145Ia 4500
008 240624s9999 xx 000 0 und d
041 _aeng
082 _a332.63 PIN
100 _aPINTO JERALD E
245 _aEQUITY ASSET VALUATION
250 _a(2nd ed.)
260 _c2014
_aNew Delhi
_bWiley
300 _axx, : 441 : p. : cm. ; 24
365 _cRS
999 _c24117
_d24117